MARC

Tag First Indicator Second Indicator Subfields
LEADER 00000cam a2200000 a 4500
001 in00000036130
005 20231006181856.0
008 890323s1988 fr b i000 0 eng
010 |a  88192633  
016 |a (AMICUS)000008096615 
019 |a 18096534  |a 123448507  |a 181825083  |a 243514340  |a 504945109  |a 605960862  |a 846835617  |a 1044065088  |a 1056298417  |a 1078843133  |a 1107164250  |a 1170923339  |a 1248124262  |a 1274902513 
020 |a 9264030670 
020 |a 9789264030671 
024 8 |a BIST627069 
024 8 |a ZBWT00139935 
029 1 |a AU@  |b 000005922297 
029 1 |a HEBIS  |b 01066131X 
029 1 |a NLGGC  |b 047260718 
029 1 |a NZ1  |b 3340888 
029 1 |a ZWZ  |b 020761430 
029 1 |a ZWZ  |b 021086494 
029 1 |a NLC  |b 000008096615 
029 1 |a DEBBG  |b BV003657213 
029 1 |a GBVCP  |b 024129089 
029 1 |a AU@  |b 000045201806 
029 1 |a AU@  |b 000058122402 
035 |a (OCoLC)ocm19509620  
035 |a (OCoLC)19509620  |z (OCoLC)18096534  |z (OCoLC)123448507  |z (OCoLC)181825083  |z (OCoLC)243514340  |z (OCoLC)504945109  |z (OCoLC)605960862  |z (OCoLC)846835617  |z (OCoLC)1044065088  |z (OCoLC)1056298417  |z (OCoLC)1078843133  |z (OCoLC)1107164250  |z (OCoLC)1170923339  |z (OCoLC)1248124262  |z (OCoLC)1274902513 
035 |a (OCoLC)ocm19509620  
040 |a DLC  |b eng  |c DLC  |d DTC  |d VPI  |d FCI  |d IPL  |d NLGGC  |d BTCTA  |d NYDWH  |d YDXCP  |d CRU  |d NIALS  |d OCLCO  |d OCLCF  |d OCLCQ  |d NLC  |d OCLCQ  |d V5E  |d OCLCO  |d CDN  |d QCL  |d GBVCP  |d CULIB  |d BUB  |d CEF  |d SFB  |d DEBBG  |d OTZ  |d AU@  |d U5D  |d U3W  |d BEDGE  |d FIE 
041 0 |a eng  |a fre 
050 0 0 |a HG8077  |b .O74 1988 
055 0 |a HG8077 
082 0 0 |a 657/.836  |2 19 
084 |a 83.70  |2 bcl 
084 |a QP 820  |2 rvk 
084 |a QQ 600  |2 rvk 
084 |a QR 560  |2 rvk 
086 0 |a (21 88 02 3) 
088 |a OECD 469 
110 2 |a Organisation for Economic Co-operation and Development.  |b Working Group on Accounting Standards. 
245 1 0 |a Operating results of insurance companies :  |b current practices in OECD countries /  |c report by the Working Group on Accounting Standards. 
246 3 |a Résultats d'exploitation des compagnies d'assurances 
260 |a Paris :  |b Organisation for Economic Co-operation and Development,  |c 1988. 
300 |a 34, 37 pages ;  |c 27 cm. 
336 |a text  |b txt  |2 rdacontent 
337 |a unmediated  |b n  |2 rdamedia 
338 |a volume  |b nc  |2 rdacarrier 
490 1 |a Accounting standards harmonization ;  |v no. 4 
546 |a English and French. 
500 |a Title on added t.p.: Résultats d'exploitation des compagnies d'assurances. 
504 |a Includes bibliographical references. 
530 |a Also issued online. 
650 0 |a Insurance  |x Accounting. 
650 6 |a Assurance  |x Comptabilité. 
650 7 |a Insurance  |x Accounting.  |2 fast  |0 (OCoLC)fst00974533 
650 1 7 |a Verzekeringsmaatschappijen.  |2 gtt 
650 1 7 |a Bedrijfsresultaten.  |2 gtt 
650 7 |a Assurance  |z Pays de l'O.C.D.E.  |x Comptabilité.  |2 ram 
650 7 |a Etats financiers  |z Pays de l'O.C.D.E.  |2 ram 
650 7 |a INSURANCE COMPANIES.  |2 unbist 
650 7 |a OPERATIONS RESEARCH.  |2 unbist 
650 7 |a ACCOUNTING AND REPORTING.  |2 unbist 
610 2 7 |a OECD.  |2 unbisn 
630 0 7 |a OECD Guidelines for Multinational Enterprises (1976)  |2 unbisn 
610 2 7 |a OECD  |2 gnd  |0 (DE-588)5157-3 
650 7 |a Internationaler Vergleich  |2 gnd  |0 (DE-588)4120509-1 
650 7 |a Rechnungslegung  |2 gnd  |0 (DE-588)4128343-0 
650 7 |a Versicherung  |2 gnd  |0 (DE-588)4063173-4 
650 7 |a Versicherungsbetrieb  |2 gnd  |0 (DE-588)4063180-1 
650 7 |a Versicherungswirtschaft  |2 gnd  |0 (DE-588)4063206-4 
650 7 |a UE/CE Etats membres.  |2 eclas 
650 7 |a Organisation de coopération et de développement économiques.  |2 eclas 
650 7 |a Résultats d'exploitation.  |2 eclas 
650 7 |a Compagnies d'assurance.  |2 eclas 
653 0 |a Insurance Companies  |a Oecd Countries  |a Accounting Practices 
655 4 |a Publication internationale. 
776 0 8 |i Online version:  |a Organisation for Economic Co-operation and Development. Working Group on Accounting Standards.  |t Operating results of insurance companies.  |d Paris : Organisation for Economic Co-operation and Development, 1988  |w (OCoLC)578147437 
830 0 |a Accounting standards harmonization ;  |v no. 4. 
856 4 2 |3 French equivalent / Équivalent français  |u https://bac-lac.on.worldcat.org/oclc/53716198  |t 0 
938 |a Baker and Taylor  |b BTCP  |n 88192633 
938 |a YBP Library Services  |b YANK  |n 1271250 
948 |h HELD BY TXA - 208 OTHER HOLDINGS 
994 |a Z0  |b TXA 
999 f f |s 1e1f9da6-f47d-3932-bd77-63344bcc920d  |i f765da3f-0ddc-36cc-b17b-471445f60336  |t 0 
952 f f |p ric  |a Texas A&M University  |b Rellis Campus  |c Joint Library Facility  |d Remote Storage  |t 0  |e HG8077 .O63 1988  |h Library of Congress classification  |i unmediated -- volume  |m A14810990694 
998 f f |a HG8077 .O63 1988  |t 0  |l Remote Storage